| 000 | 00629 a2200181 4500 | ||
|---|---|---|---|
| 999 |
_c7797 _d7797 |
||
| 020 | _a9781285084534 (softcover : alk. paper) | ||
| 050 | 0 | 0 | _aTR 623 BUS 2013 |
| 100 | 1 |
_aBusch, David D., _eauthor. |
|
| 245 | 1 | 0 |
_aDavid Busch's Canon EOS 5D Mark III : _bguide to digital SLR photography / _cDavid D. Busch. |
| 264 | 1 |
_aAustralia : _bCengage Learning PTR, _c[2014] |
|
| 300 |
_a455 pages : _billustrations ; |
||
| 500 | _aIncludes index. | ||
| 500 |
_aMinimal Level Cataloging Plus. _5DLC |
||
| 650 | 0 | _aCanon digital cameras | |
| 650 | 0 |
_aPhotography _xDigital techniques |
|
| 650 | 0 | _aPhotography | |
| 942 |
_cBK _2lcc _h623 _iBUS _kTR |
||